[Event "Hoogovens-B"]
[Site "Wijk aan Zee"]
[Date "1975.??.??"]
[Round "6"]
[White "Bohm, Hans"]
[Black "Bukic, Enver"]
[Result "1/2-1/2"]
[WhiteElo "2300"]
[BlackElo "2455"]

1.e4 c5 2.Nf3 d6 3.Bb5+ Bd7 4.Bxd7+ Qxd7 5.c4 e5 6.d3 Nc6 7.Nc3 Nge7 8.Nd5 Nxd5
9.cxd5 Nb4 10.a3 Na6 11.O-O Be7 12.Nd2 b5 13.f4 exf4 14.Rxf4 O-O 15.Qh5 g6
16.Qh6 f5 17.Nf3 Bf6 18.Qh3 Nc7 19.Rb1 Rad8 20.Bd2 fxe4 21.Qxd7 Rxd7 22.dxe4 Bg7
23.Rxf8+ Kxf8 24.Bc3 Re7 25.Re1 Bxc3 26.bxc3 Ke8 27.Kf2 Kd7 28.g4 Ne8 29.Ng5 Nf6
30.Ne6 Nxg4+ 31.Kg3 Ne5 32.Rb1 Rf7 33.Rxb5 Rf3+ 34.Kg2 Kc8 35.Nxc5 Rxc3 36.Na6 Nd7
37.Ra5 Kb7 38.Nb4 Nc5 39.e5 Kb6 40.Nc6 dxe5 41.Rxa7 Rc2+ 42.Kf3 Rxh2 43.a4 Rd2
44.a5+  1/2-1/2

[Event "Hoogovens-B"]
[Site "Wijk aan Zee"]
[Date "1975.??.??"]
[Round "6"]
[White "Timman, Ton"]
[Black "Sigurjonsson, Gudmundur"]
[Result "1/2-1/2"]
[WhiteElo "2385"]
[BlackElo "2475"]

1.e4 c5 2.Nf3 d6 3.Bb5+ Bd7 4.Bxd7+ Nxd7 5.O-O Ngf6 6.Re1 e6 7.d4 cxd4 8.Qxd4 Be7
9.c4 O-O 10.Nc3 a6 11.b3 Qa5 12.Qd2 Qc7 13.Bb2 Rfd8 14.Rad1 Rac8 15.Nd4 Ne5
16.Qe2 Nc6 17.Nxc6 Qxc6 18.Rc1 Qe8 19.Red1  1/2-1/2

[Event "Rovinj/Zagreb"]
[Site "Zagreb"]
[Date "1975.??.??"]
[Round "1"]
[White "Kuzmin, Gennadi P"]
[Black "Andersson, Ulf"]
[Result "1-0"]
[WhiteElo "2600"]
[BlackElo "2565"]

1.e4 c5 2.Nf3 d6 3.Bb5+ Bd7 4.Bxd7+ Qxd7 5.O-O e6 6.c3 Nf6 7.Qe2 Nc6 8.Rd1 Be7
9.d4 cxd4 10.cxd4 d5 11.e5 Ne4 12.Ne1 f6 13.f3 Ng5 14.Nc3 Nf7 15.f4 f5 16.Be3 O-O
17.Nd3 b6 18.Rac1 Rac8 19.Kh1 Na5 20.Rg1 Kh8 21.g4 Nd8 22.Qg2 g6 23.Qh3 Nc4
24.gxf5 gxf5 25.Qg3 Bh4 26.Qxh4 Nxe3 27.Rg3 Nc4 28.Rcg1 Nc6 29.Qh6 Rf7 30.Nb5  1-0

[Event "Hastings7576"]
[Site "Hastings"]
[Date "1976.01.04"]
[Round "6"]
[White "Jansa, Vlastimil"]
[Black "Bellin, Robert"]
[Result "1/2-1/2"]
[WhiteElo "2540"]
[BlackElo "2375"]

1.e4 c5 2.Nf3 d6 3.Bb5+ Nd7 4.d4 Nf6 5.Nc3 cxd4 6.Qxd4 h6 7.e5 dxe5 8.Nxe5 a6
9.Bxd7+ Bxd7 10.Bf4 Be6 11.Qb4 g5 12.Bg3 Bg7 13.Qxb7 Qc8 14.Qxc8+ Rxc8 15.O-O-O Nh5
16.Rhe1 Nxg3 17.hxg3 Rc5 18.f4 gxf4 19.gxf4 Bxe5 20.fxe5 Rg8 21.Rd2 Rg5 22.Red1 Rc8
23.Re1 Rc5 24.Red1 Rc8  1/2-1/2

[Event "Capablanca mem-C 13th"]
[Site "Cienfuegos"]
[Date "1976.05.17"]
[Round "1"]
[White "Delgado, Alberto"]
[Black "Triana, Justo"]
[Result "1-0"]
[WhiteElo "2260"]
[BlackElo "2330"]

1.e4 c5 2.Nf3 d6 3.Bb5+ Bd7 4.Bxd7+ Qxd7 5.O-O Nc6 6.c3 d5 7.exd5 Qxd5 8.d4 e6
9.dxc5 Qxd1 10.Rxd1 Bxc5 11.b4 Bb6 12.Na3 Nf6 13.Nc4 Bc7 14.a4 Nd5 15.Bb2 O-O-O
16.b5 Na5 17.Nxa5 Bxa5 18.Ne5 Nf4 19.Nxf7 Rxd1+ 20.Rxd1 Rf8 21.Nd6+ Kb8 22.Ne4 Nd5
23.c4 Nf6 24.Bxf6 gxf6 25.Rd7 Rc8 26.Nd6 Rd8 27.Rxd8+ Bxd8 28.Ne4 Be7 29.g4 Kc7
30.Kf1 Kb6 31.c5+ Bxc5 32.Nxf6 Bd6 33.Nxh7 Bxh2 34.Nf8 Ka5 35.g5 Kxa4 36.Nxe6 Be5
37.f4  1-0

[Event "Capablanca mem-B 13th"]
[Site "Cienfuegos"]
[Date "1976.05.20"]
[Round "4"]
[White "Szmetan, Jorge"]
[Black "Verduga, Denis Homero"]
[Result "1-0"]
[WhiteElo "2450"]
[BlackElo "2265"]

1.e4 c5 2.Nf3 d6 3.Bb5+ Nd7 4.d4 Nf6 5.Nc3 cxd4 6.Qxd4 a6 7.Bxd7+ Bxd7 8.Bg5 h6
9.Bh4 Rc8 10.O-O-O e5 11.Qe3 g5 12.Bg3 Qa5 13.Nd2 Be6 14.Nb3 Bxb3 15.axb3 h5
16.f3 h4 17.Bf2 Qa1+ 18.Kd2 Qxb2 19.Rb1 Qxc3+ 20.Qxc3 Rxc3 21.Kxc3 d5 22.exd5 Nxd5+
23.Kc4 Nb4 24.Kc3 Rh6 25.Kb2 Bg7 26.Rhd1 f5 27.c3 e4 28.fxe4 fxe4 29.Bd4 Bxd4
30.Rxd4 Nd3+ 31.Kc2 Re6 32.g3 hxg3 33.hxg3 Kf7 34.Kd2 Ne5 35.Ke3 Ng4+ 36.Ke2 Nh6
37.Rd7+ Kg6 38.Rxb7 Kf5 39.Rb4 Kg4 40.Kf2 Nf5 41.Re1 Nxg3 42.Re3 Rf6+ 43.Kg2 Nf5
44.Rbxe4+ Kh5 45.Rd3 Nh4+ 46.Kg3 Rf1 47.c4 Rg1+ 48.Kf2 Rg2+ 49.Kf1 Rc2 50.Ke1 Ng2+
51.Kd1 Rf2 52.c5 Nf4 53.Rd2  1-0

[Event "Capablanca mem-C 13th"]
[Site "Cienfuegos"]
[Date "1976.05.25"]
[Round "9"]
[White "Bueno Perez, Lazaro"]
[Black "Garces, Napoleon"]
[Result "1-0"]
[WhiteElo "2200"]
[BlackElo "2260"]

1.e4 c5 2.Nf3 d6 3.Bb5+ Bd7 4.Bxd7+ Nxd7 5.c4 g6 6.d4 Bg7 7.Nc3 cxd4 8.Nxd4 Rc8
9.b3 Qa5 10.Bb2 Ngf6 11.O-O Qh5 12.Qd2 O-O 13.Rad1 Nc5 14.f3 Bh6 15.Qe2 Rfe8
16.Bc1 Bxc1 17.Rxc1 Nfd7 18.Qe3 Ne5 19.Nd5 Nc6 20.f4 b6 21.Nb5 Rcd8 22.b4 Na6
23.Qa3 Naxb4 24.Rf3 a5 25.Qe3 Nxa2 26.Rh3 Qg4 27.Ra1 Nab4 28.f5 g5 29.Rg3 Qh4
30.Rxg5+ Kh8 31.g3 Qh3 32.Nf4 Qh6 33.Nh5 Nc2 34.Rg8+ Rxg8 35.Qxh6 Nxa1 36.Qc1 Nb3
37.Qc3+ Nbd4 38.Nxd4 Nxd4 39.Qxd4+ f6 40.Nxf6  1-0

[Event "Capablanca mem-B 13th"]
[Site "Cienfuegos"]
[Date "1976.05.28"]
[Round "12"]
[White "Szmetan, Jorge"]
[Black "Sieiro Gonzalez, Luis"]
[Result "1-0"]
[WhiteElo "2450"]
[BlackElo "2225"]

1.e4 c5 2.Nf3 d6 3.Bb5+ Nd7 4.d4 Nf6 5.Nc3 cxd4 6.Qxd4 e5 7.Qd3 Be7 8.Bg5 O-O
9.Bxd7 Qxd7 10.O-O-O Ne8 11.Bxe7 Qxe7 12.Nb5 Qe6 13.Kb1 Qg6 14.Rhg1 Bg4 15.Nxd6 Qh6
16.h3 Bxf3 17.Nf5 Qf6 18.Qxf3 g6 19.Nh6+ Kg7 20.Ng4 Qe6 21.Rd5 h5 22.Ne3 Nf6
23.Rd3 Rac8 24.Rgd1 Rc6 25.Nd5 Rfc8 26.c3 Ra6 27.a3 Nxd5 28.exd5 Qb6 29.Qe4 Qd6
30.g4 hxg4 31.hxg4 b5 32.Re1 Re8 33.g5 Ra4 34.Qh1 Rh8 35.Rh3 Rg8 36.Rf3 Rh8
37.Rxf7+ Kxf7 38.Qxh8 Qxd5 39.Qf6+ Kg8 40.Qxg6+ Kf8  1-0

[Event "IBM"]
[Site "Amsterdam"]
[Date "1976.??.??"]
[Round "11"]
[White "Velimirovic, Dragoljub"]
[Black "Sigurjonsson, Gudmundur"]
[Result "1/2-1/2"]
[WhiteElo "2525"]
[BlackElo "2530"]

1.e4 c5 2.Nf3 d6 3.Bb5+ Nd7 4.d4 Nf6 5.e5 cxd4 6.Qxd4 dxe5 7.Nxe5 a6 8.Bxd7+ Bxd7
9.Nd2 Be6 10.Ndf3 Qxd4 11.Nxd4 Bd5 12.O-O e6 13.c4 Be4 14.f3 Bc5 15.Be3 Bg6
16.Rfd1 O-O-O 17.Nf5 Bxe3+ 18.Nxe3 Nd7 19.Nxg6 hxg6 20.b4 Kc7 21.Ng4 f6 22.Re1 Rhe8
23.Rad1 Nb6 24.Rxd8 Rxd8 25.Rxe6 Nxc4 26.h4 Rd1+ 27.Kh2 Kd7 28.Re4 b5 29.Ne3 Nxe3
30.Rxe3 Rd4 31.Ra3 Rxh4+ 32.Kg3 Rxb4 33.Rxa6 Ra4 34.Rb6 b4 35.Rb7+ Kc8 36.Rxg7 Rxa2
37.Rxg6 Ra6 38.Rg4 Rb6 39.Rc4+ Kd7 40.Rc2 b3 41.Rb2 Ke6 42.Kf4 Kd5 43.Kf5 Kd4
44.g4 Kc3 45.Rb1 b2 46.f4 Kc2 47.Rf1  1/2-1/2

[Event "Banja Luka"]
[Site "Banja Luka"]
[Date "1976.??.??"]
[Round "6"]
[White "Hulak, Krunoslav"]
[Black "Bukic, Enver"]
[Result "1/2-1/2"]
[WhiteElo "2470"]
[BlackElo "2500"]

1.e4 c5 2.Nf3 d6 3.Bb5+ Nd7 4.O-O Nf6 5.Re1 a6 6.Bf1 b6 7.d4 cxd4 8.Qxd4 Bb7
9.Nc3 e6 10.Bg5 Be7 11.Rad1 Qc7 12.Bh4 O-O 13.Bg3 e5 14.Qd2  1/2-1/2

[Event "Tungsram"]
[Site "Budapest"]
[Date "1976.??.??"]
[Round "?"]
[White "Mednis, Edmar John"]
[Black "Szekely, Peter"]
[Result "1/2-1/2"]
[WhiteElo "2435"]
[BlackElo "2460"]

1.e4 c5 2.Nf3 d6 3.Bb5+ Bd7 4.Bxd7+ Qxd7 5.c4 Nc6 6.O-O Nf6 7.Nc3 g6 8.d4 cxd4
9.Nxd4 Bg7 10.Nde2 O-O 11.f3 e6 12.Bg5 h6 13.Be3 Rfd8 14.Qd2 Kh7 15.Rad1 Qe7
16.Bf2 Rd7 17.Rfe1 Rad8 18.Nd4 Ne8 19.b3 Kg8 20.h3 g5 21.Be3 Ne5 22.Rf1 Ng6
23.Nde2 b6 24.f4 gxf4 25.Nxf4 Kh7 26.Rf2 Nf6 27.Nxg6 fxg6 28.Bd4 Rf8 29.Rdf1 Rdd8
30.Qd3 Rf7 31.Nb5 h5 32.Nc3 Rff8 33.Rf3 Nd7 34.Rxf8 Rxf8 35.Bxg7 Rxf1+ 36.Kxf1 Qxg7
37.Qxd6 Qxc3 38.Qxd7+ Kh6 39.Qxa7 Qd3+ 40.Kg1 Qe3+  1/2-1/2

[Event "HUN-ch"]
[Site "Budapest"]
[Date "1976.??.??"]
[Round "4"]
[White "Hazai, Laszlo"]
[Black "Csom, Istvan"]
[Result "1-0"]
[WhiteElo "2430"]
[BlackElo "2490"]

1.e4 c5 2.Nf3 d6 3.Bb5+ Nd7 4.d4 Nf6 5.Nc3 cxd4 6.Qxd4 e5 7.Qd3 h6 8.Be3 Be7
9.Bc4 O-O 10.O-O Nb6 11.Bxb6 Qxb6 12.Nh4 Kh7 13.Nf5 Bxf5 14.exf5 Rac8 15.Bb3 Rc7
16.Rad1 Kg8 17.Rfe1 Rd8 18.h3 a6 19.Re2 Qa5 20.Qf3 Qb4 21.Rd3 Qa5 22.g4 b5
23.Kg2 b4 24.Nd5 Nxd5 25.Qxd5 Qxd5+ 26.Rxd5 Rb8 27.Kf3 Ra7 28.Re4 a5 29.Ba4 Rc8
30.Ke2 Kf8 31.f3 Ra6 32.Kd3 Bd8 33.Rc4 Rb8 34.Ke4 Ke7 35.Rb5 Rxb5 36.Bxb5 Rb6
37.Ba4 Rb7 38.Kd5 Rc7 39.Rxc7+ Bxc7 40.Kc6 Bd8 41.Bb3 h5 42.c3 bxc3 43.bxc3 a4
44.Bxa4 Ba5 45.c4 Bb4 46.Bc2 Ba3 47.g5 h4 48.Be4 f6 49.g6 Kd8 50.Bd5 Kc8
51.Bg8 Kd8 52.Be6 Bc5 53.a4 Bb4 54.Kb6 Bc5+ 55.Kb7 Bb4 56.Kc6 Ba5 57.Kxd6  1-0

[Event "HUN-ch"]
[Site "Budapest"]
[Date "1976.??.??"]
[Round "16"]
[White "Hazai, Laszlo"]
[Black "Barczay, Laszlo"]
[Result "1/2-1/2"]
[WhiteElo "2430"]
[BlackElo "2485"]

1.e4 c5 2.Nf3 d6 3.Bb5+ Nd7 4.d4 cxd4 5.Qxd4 Nf6 6.Bg5 a6 7.Bxd7+ Nxd7 8.Nc3 h6
9.Bh4 Qb6 10.O-O-O Qxd4 11.Nxd4 e6 12.Bg3 b5 13.a3 Nb6 14.Nb3 Nc4 15.Nd2 Na5
16.Nb3  1/2-1/2

[Event "WchT U26 fin-A"]
[Site "Caracas"]
[Date "1976.??.??"]
[Round "1"]
[White "Schauwecker, Meinrad"]
[Black "Szymczak, Zbigniew"]
[Result "1-0"]
[WhiteElo "2340"]
[BlackElo "2400"]

1.e4 c5 2.Nf3 d6 3.Bb5+ Nd7 4.O-O Nf6 5.Re1 g6 6.c3 a6 7.Bf1 Bg7 8.d4 e5
9.dxe5 dxe5 10.Qd6 Qe7 11.Qxe7+ Kxe7 12.Nbd2 Ne8 13.Nc4 b5 14.Na5 f6 15.a4 bxa4
16.Bc4 Kd6 17.Bd5 Rb8 18.Nd2 Nb6 19.Ndc4+ Nxc4 20.Nxc4+ Kc7 21.Rxa4 Bf8 22.Be3 Ng7
23.Rc1 Ne6 24.b4 Be7 25.Na5 Bd7 26.Raa1 Nf4 27.Bxf4 exf4 28.Nb3 cxb4 29.cxb4+ Kb6
30.Nc5 Bb5 31.Na4+ Bxa4 32.Rxa4 Rhc8 33.Rca1 Kb5 34.Ra5+ Kxb4 35.Rxa6 Bc5
36.g3 fxg3 37.hxg3 f5 38.R6a4+ Kb5 39.exf5 gxf5 40.Rf4 Kb6 41.Rxf5 Rf8 42.Bf7 Bd4
43.Ra4 Rbd8 44.Rb4+ Kc7 45.Rc4+ Kb6 46.Rf3 Rd6 47.Rb3+ Ka7 48.Ra4+ Ra6 49.Rxd4 Rxf7
50.Rdb4 Ra2 51.Rb2 Ra3 52.Kg2 Ra1 53.R2b3 Rd7 54.Rh4 Ra2 55.Rf4 Ka8 56.Rbb4 Rad2
57.Rf8+ Ka7 58.Rf3 Ra2 59.Rbf4 Kb6 60.Rf7 Rad2 61.Rxd7 Rxd7 62.Rc3 Rd2 63.g4 Rb2
64.Rh3 Rb4 65.Kg3 Rb3+ 66.f3  1-0

[Event "WchT U26 fin-A"]
[Site "Caracas"]
[Date "1976.??.??"]
[Round "7"]
[White "Palatnik, Semon"]
[Black "Diesen, Mark C"]
[Result "1/2-1/2"]
[WhiteElo "2480"]
[BlackElo "2325"]

1.e4 c5 2.Nf3 d6 3.Bb5+ Nd7 4.d4 Nf6 5.Nc3 cxd4 6.Qxd4 e5 7.Qd3 h6 8.Be3 Be7
9.O-O O-O 10.Bc4 Nb8 11.Nh4 Kh8 12.Rad1 Nc6 13.a3 a6 14.Ba2 Rb8 15.Nf5 Bxf5
16.exf5 Qc8 17.Ne4 Nd4 18.Bxd4 exd4 19.Ng3 d5 20.Qxd4 b5 21.c3 Rd8 22.Qf4 a5
23.Qf3 Qb7 24.Rd3 b4 25.cxb4 axb4 26.Rfd1 bxa3 27.bxa3 Qb2 28.Bxd5 Nxd5 29.Rxd5 Rxd5
30.Qxd5 Rd8 31.Qf3 Rxd1+ 32.Qxd1 Qxa3 33.Qd5 Bc5 34.f6 Qc1+ 35.Nf1 Qc2 36.fxg7+ Kxg7
37.Qe5+ Kg6 38.Qg3+ Kf6 39.Qf4+ Kg6 40.g3 Qd3 41.h4 Qd5  1/2-1/2

[Event "Haifa ol (Men)"]
[Site "Haifa"]
[Date "1976.??.??"]
[Round "?"]
[White "Sharif, Mershad"]
[Black "Andersson, Ulf"]
[Result "1-0"]
[WhiteElo "2355"]
[BlackElo "2585"]

1.e4 c5 2.Nf3 d6 3.Bb5+ Bd7 4.Bxd7+ Nxd7 5.c4 Ngf6 6.Nc3 e6 7.O-O Be7 8.d4 cxd4
9.Nxd4 a6 10.b3 O-O 11.Bb2 Qc7 12.Qe2 Rfe8 13.Rad1 Bf8 14.f4 b5 15.cxb5 e5
16.fxe5 dxe5 17.Nf5 Qb6+ 18.Kh1 axb5 19.b4 Qc6 20.a3 Rab8 21.Nd5 Nxd5 22.Rxd5 Nb6
23.Rxb5 Na4 24.Rxb8 Rxb8 25.Bxe5 Re8 26.Qf2 f6 27.Bd4 Rxe4 28.Qf3 Qe6 29.Qd1 Qc4
30.Ba1 Nb6 31.Qf3 Nd5 32.Ng3 Rf4 33.Qd1 Rxf1+ 34.Qxf1 Qb3 35.Bd4 Ne7 36.Qf3 Qxf3
37.gxf3 Nc6 38.Bb2 Kf7 39.Nf5 g6 40.Nd4 Ne5 41.Kg2 Nd3 42.Bc3 Bd6 43.Nb5 Be7
44.Kf1 f5 45.Ke2 Nf4+ 46.Ke3 Nd5+ 47.Kd4 Ke6 48.Bd2 g5 49.Nc3 Nb6 50.Be3 h5
51.Kd3 Nd7 52.f4 gxf4 53.Bxf4 Ne5+ 54.Bxe5 Kxe5 55.Ne2 f4 56.Nd4 Kd5 57.Nf3 Bf8
58.Ne1 Be7 59.h3 Bh4 60.Nf3 Be7 61.Nd4 Bf6 62.Nc2 Bg5 63.a4 f3 64.a5 Bf4
65.Ne3+ Kc6 66.Nf5 Be5 67.Ne7+ Kb5 68.Ke3 Bd6 69.Nd5  1-0

[Event "ENG-URS m"]
[Site "London"]
[Date "1976.??.??"]
[Round "?"]
[White "Stean, Michael"]
[Black "Kortschnoj, Viktor"]
[Result "0-1"]
[WhiteElo "2420"]
[BlackElo "2670"]

1.e4 c5 2.Nf3 d6 3.Bb5+ Bd7 4.Bxd7+ Nxd7 5.O-O Ngf6 6.Re1 Rc8 7.c3 e6 8.d4 cxd4
9.cxd4 d5 10.e5 Ne4 11.Nbd2 Nxd2 12.Bxd2 Be7 13.Qa4 Ra8 14.Rac1 O-O 15.Ba5 Nb6
16.Qb5 Qe8 17.Qxe8 Rfxe8 18.Rc7 Nc4 19.Bc3 Rab8 20.b3 Bd8 21.Rc5 Nb6 22.Bd2 Nd7
23.Rc2 Bb6 24.Rec1 Ra8 25.a4 a5 26.Kf1 Nb8 27.Ke2 Nc6 28.Kd3 f6 29.Bc3 Rac8
30.Re1 fxe5 31.Nxe5 Bxd4 32.Nxc6 Bxc3 33.Na7 Bxe1 34.Nxc8 Bxf2 35.Nd6 Rf8
36.Re2 b6 37.Rxe6 Bc5 38.Nb7 Rf2 39.Nxc5 bxc5 40.Ra6 Rxg2 41.Rxa5 c4+ 42.bxc4 dxc4+
43.Kxc4 Rxh2 44.Rd5 h5 45.a5 h4 46.Kb3 Rh1 47.Kb2 Kf7 48.a6 Re1 49.a7 Re8
50.Kc3 Ra8 51.Rh5 Rxa7 52.Rxh4 Rd7 53.Rh1 g5 54.Rf1+ Ke6 55.Rg1 Kf5 56.Rf1+ Ke4
57.Rg1 Kf4 58.Rf1+ Ke3 59.Rg1 Rc7+ 60.Kb4 Rg7  0-1

[Event "Lone Pine"]
[Site "Lone Pine"]
[Date "1976.??.??"]
[Round "3"]
[White "Denker, Arnold S"]
[Black "Diesen, Mark C"]
[Result "1-0"]
[WhiteElo "2325"]
[BlackElo "2325"]

1.Nf3 c5 2.e4 d6 3.Bb5+ Nd7 4.O-O Nf6 5.Re1 a6 6.Bf1 b5 7.a4 Bb7 8.axb5 axb5
9.Rxa8 Qxa8 10.Nc3 b4 11.Nb5 Qb8 12.d4 e5 13.c3 Bc6 14.Qa4 bxc3 15.bxc3 Be7
16.d5 Bb7 17.Nd2 O-O 18.Nc4 Ba8 19.Qa5 Ne8 20.Ne3 g6 21.Bd3 Bd8 22.Qa2 Ng7
23.Nxd6 Qxd6 24.Qxa8 Bg5 25.Qc6 Qe7 26.d6 Qd8 27.Bb5 Nb8 28.Qxc5 Ne6 29.Qb4 Nd7
30.Bxd7 Qxd7 31.Nd5 Bd8 32.Bh6 Re8 33.Rb1 g5 34.Qb5 Qxb5 35.Rxb5 f6 36.d7 Re7
37.Nxe7+ Bxe7 38.h4 Kf7 39.hxg5 fxg5 40.Rxe5  1-0

[Event "Kringsja"]
[Site "Oslo"]
[Date "1976.??.??"]
[Round "6"]
[White "Harestad, Thor Geir"]
[Black "Raaste, Eero J"]
[Result "1/2-1/2"]
[WhiteElo "2320"]
[BlackElo "2250"]

1.e4 c5 2.Nf3 d6 3.Bb5+ Nd7 4.O-O a6 5.Bxd7+ Bxd7 6.c3 Nf6 7.Re1 e6 8.d4 cxd4
9.cxd4 Be7 10.Nc3 O-O 11.Qd3 Rc8 12.h3 b5 13.a3 h6 14.Be3 Nh7 15.Re2 Qc7
16.Nd2 Qb8 17.b4 Rc7 18.Nb3 Rfc8 19.Rc1 Be8 20.Rec2 Nf6 21.Na5 Nd7 22.Nd1  1/2-1/2

[Event "CSR-ch"]
[Site "Ostrava"]
[Date "1976.??.??"]
[Round "5"]
[White "Jansa, Vlastimil"]
[Black "Trapl, Jindrich"]
[Result "1/2-1/2"]
[WhiteElo "2490"]
[BlackElo "2340"]

1.e4 c5 2.Nf3 d6 3.Bb5+ Bd7 4.Bxd7+ Qxd7 5.c4 Nf6 6.Nc3 Nc6 7.d4 cxd4 8.Nxd4 Qg4
9.Qxg4 Nxg4 10.Nxc6 bxc6 11.Bf4 g5 12.Bxg5 Bg7 13.Ke2 Rb8 14.Nd1 Rb4 15.Rc1 Bxb2
16.Rb1 Ba3 17.Rb3 Rxb3 18.axb3 Kd7 19.Ne3 Rg8 20.h4 Nxe3 21.Bxe3 Rxg2 22.Kf3 Rg8
23.Ra1 Bb4 24.Rxa7+ Ke6 25.Rb7 c5 26.e5 dxe5 27.Rb6+ Kd7 28.Rb7+ Ke6 29.Rb6+ Kd7
30.Rb7+  1/2-1/2

[Event "CSR-ch"]
[Site "Ostrava"]
[Date "1976.??.??"]
[Round "10"]
[White "Travnicek, Peter"]
[Black "Kubicek, Antonin"]
[Result "1/2-1/2"]
[WhiteElo "2265"]
[BlackElo "2325"]

1.e4 c5 2.Nf3 d6 3.Bb5+ Bd7 4.Bxd7+ Qxd7 5.O-O Nc6 6.Nc3 g6 7.d3 Bg7 8.Be3 Nf6
9.h3 O-O 10.Qd2 Rfe8 11.Rfe1 Rab8  1/2-1/2

[Event "Poznan"]
[Site "Poznan"]
[Date "1976.??.??"]
[Round "7"]
[White "Bielczyk, Jacek"]
[Black "Szymczak, Zbigniew"]
[Result "1-0"]
[WhiteElo "2375"]
[BlackElo "2400"]

1.e4 c5 2.Nf3 d6 3.Bb5+ Bd7 4.Bxd7+ Qxd7 5.c4 Nc6 6.O-O g6 7.d4 cxd4 8.Nxd4 Bg7
9.Be3 Nf6 10.f3 O-O 11.Nc3 Rac8 12.b3 Rfd8 13.Rc1 e6 14.Qd2 d5 15.exd5 exd5
16.c5 a6 17.a3 Re8 18.Bf2 Re7 19.Rfe1 Rxe1+ 20.Rxe1 Re8 21.Rxe8+ Qxe8 22.Kf1 Nxd4
23.Bxd4 Qe6 24.Qf4 Ne8 25.Ne2 Bxd4 26.Nxd4 Qf6 27.Qxf6 Nxf6 28.c6 bxc6 29.Nxc6 Kf8
30.Nb8 a5 31.Nc6 a4 32.bxa4 Ke8 33.a5 Kd7 34.Ne5+ Ke6 35.a6 Ne8 36.a7 Nc7
37.Nd3 Kd6 38.Ke2 Kc6 39.Ke3 Kb7 40.Kd4 f6 41.Nb4 Kxa7 42.Nxd5 Ne6+ 43.Kc4 f5
44.Ne3  1-0

[Event "URS-ch otbor"]
[Site "Rostov"]
[Date "1976.??.??"]
[Round "?"]
[White "Sakharov, A."]
[Black "Grigorian, Karen Ashotovich"]
[Result "1-0"]
[WhiteElo "2435"]
[BlackElo "2485"]

1.e4 c5 2.Nf3 d6 3.Bb5+ Nd7 4.c3 Nf6 5.Qe2 a6 6.Ba4 b5 7.Bc2 e5 8.O-O Be7
9.a4 bxa4 10.Bxa4 O-O 11.d4 Bb7 12.dxe5 dxe5 13.Rd1 Qc7 14.Bxd7 Nxd7 15.c4 f5
16.Nc3 Nf6 17.exf5 e4 18.Ng5 Qe5 19.Ne6 Rf7 20.g4 Qb8 21.Bf4 Qc8 22.Nd5 Qc6
23.Ng5 Nxd5 24.cxd5 Qh6 25.Ne6 Qh4 26.Bg3 Qh3 27.d6 Bd8 28.Nf4 Qh6 29.Rac1 Bg5
30.d7 Rd8 31.Ne6 Rdxd7 32.Rxd7 Rxd7 33.Rd1 Rd5 34.Rxd5 Bxd5 35.Qxa6 Be7 36.Qc8+ Kf7
37.g5 Bxe6 38.g6+ hxg6 39.Qxe6+ Ke8 40.fxg6 Kd8 41.Qd5+  1-0

[Event "SWE-ch"]
[Site "SWE"]
[Date "1976.??.??"]
[Round "?"]
[White "Friberg, Hans"]
[Black "Karlsson, Lars"]
[Result "0-1"]
[WhiteElo "2200"]
[BlackElo "2205"]

1.e4 c5 2.Nf3 d6 3.Bb5+ Nd7 4.O-O Nf6 5.Re1 a6 6.Bf1 e6 7.c3 Be7 8.a4 b6
9.Na3 Bb7 10.d3 O-O 11.h3 Qc7 12.Bf4 Bc6 13.Rc1 b5 14.axb5 axb5 15.d4 Qb7
16.e5 dxe5 17.Nxe5 Nxe5 18.Bxe5 Rfd8 19.Qe2 c4 20.Nc2 Nd7 21.Bf4 Ra2 22.Rb1 Nb6
23.f3 Na4 24.Bc1 Qa7 25.Qd2 Bd5 26.Be2 e5 27.Bd1 exd4 28.Nxd4 Nxc3 29.Qxc3 b4
30.Rxe7 Qxe7 31.Qe3 Qxe3+ 32.Bxe3 Rda8 33.Kf1 Ra1 34.Rc1 Rxc1 35.Bxc1 Ra1
36.Ne2 c3 37.bxc3 Bc4 38.Ke1 Bxe2 39.Kxe2 Rxc1 40.cxb4 Rb1 41.b5 Rxb5 42.Kf2 Rb2+  0-1

[Event "SWE-ch"]
[Site "SWE"]
[Date "1976.??.??"]
[Round "?"]
[White "Ekstroem, Roland"]
[Black "Rorvall, Goran"]
[Result "1/2-1/2"]
[WhiteElo "2400"]
[BlackElo "2200"]

1.e4 c5 2.Nf3 d6 3.Bb5+ Nd7 4.O-O a6 5.Bxd7+ Bxd7 6.d4 cxd4 7.Qxd4 e5 8.Qd3 h6
9.c4 Nf6 10.Nc3 Be7 11.b3 O-O 12.Bb2 Bc6 13.Rfe1 Rc8 14.Rac1 Nh5 15.Nd5 Bg5
16.Rc2 b5 17.Nxg5 hxg5 18.Rec1 Bxd5 19.Qxd5 Nf4 20.Qd2 Qb6 21.g3 Ne6 22.cxb5 Rxc2
23.Rxc2 axb5 24.Qd5 Qa5 25.Qd2 Qxa2 26.Bxe5 Qxb3 27.Bb2  1/2-1/2

[Event "SWE-ch"]
[Site "SWE"]
[Date "1976.??.??"]
[Round "?"]
[White "Schussler, Harry"]
[Black "Bengtsson, Bo"]
[Result "1/2-1/2"]
[WhiteElo "2200"]
[BlackElo "2410"]

1.e4 c5 2.Nf3 d6 3.Bb5+ Nc6 4.O-O Bd7 5.c3 a6 6.Ba4 c4 7.d4 cxd3 8.Qxd3 g6
9.Bf4 Bg7 10.Nbd2 Nf6 11.h3 O-O 12.Qe3 d5 13.Bb3 dxe4 14.Nxe4 Nxe4 15.Qxe4 Na5  1/2-1/2

[Event "SWE-ch"]
[Site "SWE"]
[Date "1976.??.??"]
[Round "?"]
[White "Schussler, Harry"]
[Black "Rorvall, Goran"]
[Result "1-0"]
[WhiteElo "2200"]
[BlackElo "2200"]

1.e4 c5 2.Nf3 d6 3.Bb5+ Nd7 4.d4 Nf6 5.Nc3 cxd4 6.Qxd4 e5 7.Qd3 h6 8.Be3 Be7
9.Bc4 O-O 10.O-O a6 11.a4 b6 12.Nh4 Bb7 13.Ng6 Re8 14.Rfd1 Rc8 15.Bxa6 Rxc3
16.Nxe7+ Rxe7 17.bxc3 Bxe4 18.Qe2 Nc5 19.Bxc5 bxc5 20.Bb5 Ba8 21.c4 Re6 22.Ra3 Qe7
23.a5 Ne4 24.a6 Rg6 25.f3 Ng5 26.Kh1 Ne6 27.Rd2 Nf4 28.Qe3 Qh4 29.a7 Kh7
30.Ra1 Nh5 31.Bd7 Qf6 32.Rad1 Nf4 33.Rxd6 Qg5 34.Rxg6 fxg6 35.Rd2 Qf6 36.Kg1 g5
37.Qxc5 g4 38.Bxg4 Qg5 39.h4 Qxh4 40.Bf5+ Ng6  1-0

[Event "Tbilisi Interzonal (Women)"]
[Site "Tbilisi"]
[Date "1976.??.??"]
[Round "7"]
[White "Zatulovskaya, Tatiana"]
[Black "Kaufman, Orly"]
[Result "1-0"]
[WhiteElo "2240"]
[BlackElo "2000"]

1.e4 c5 2.Nf3 d6 3.Bb5+ Bd7 4.Bxd7+ Qxd7 5.O-O Nc6 6.c4 e5 7.Nc3 Nge7 8.d3 g6
9.Bd2 Bg7 10.a3 O-O 11.Rb1 f5 12.b4 b6 13.Nd5 fxe4 14.dxe4 Nd4 15.Nxd4 cxd4
16.Rc1 Kh8 17.Qb3 Rac8 18.f3 Ng8 19.Rc2 Bh6 20.Bxh6 Nxh6 21.Rfc1 Nf7 22.c5 bxc5
23.bxc5 dxc5 24.Rxc5 Rb8 25.Qc2 a6 26.Nb4 Rb6 27.Rd5 Qe7 28.Qc5 Qxc5 29.Rcxc5 Kg7
30.Rd7 Rb5 31.Rcc7 Kg8 32.h4 Ra5 33.Nc6 Rb5 34.Kh2 h6 35.a4 Rb1 36.Nxe5 d3
37.Nxf7 Rxf7 38.Rxf7 d2 39.Rfe7 d1=Q 40.Re8+  1-0

[Event "Vinkovci"]
[Site "Vinkovci"]
[Date "1976.??.??"]
[Round "?"]
[White "Hort, Vlastimil"]
[Black "Polugaevsky, Lev"]
[Result "0-1"]
[WhiteElo "2600"]
[BlackElo "2635"]

1.e4 c5 2.Nf3 d6 3.Bb5+ Nd7 4.d4 Nf6 5.Nc3 cxd4 6.Qxd4 e5 7.Qd3 h6 8.h3 a6
9.Bxd7+ Bxd7 10.O-O Be7 11.a4 Rc8 12.a5 Be6 13.Rd1 Qc7 14.Nd2 O-O 15.Nf1 Qc5
16.Ne3 Bd8 17.Bd2 Bxa5 18.Ncd5 Bd8 19.Bb4 Qc6 20.Bxd6 Bxd5 21.Bxf8 Bxe4 22.Qa3 Bb6
23.Be7 Nh5 24.Rd6 Qc7 25.Rad1 Bd4 26.c3 Bxe3 27.Rd8+ Kh7 28.fxe3 Qb6 29.Kf2 Rxd8
30.Bxd8 Qg6 31.g4 Nf6 32.Rg1 Bc6 33.Bxf6 Qc2+ 34.Kg3 Qe2 35.Bxg7 Qxe3+ 36.Kh4 Kxg7
37.Qe7 Qxg1 38.Qxe5+ f6  0-1

[Event "Hoogovens-B"]
[Site "Wijk aan Zee"]
[Date "1976.??.??"]
[Round "4"]
[White "Szmetan, Jorge"]
[Black "Hartoch, Robert G"]
[Result "1/2-1/2"]
[WhiteElo "2450"]
[BlackElo "2365"]

1.e4 c5 2.Nf3 d6 3.Bb5+ Bd7 4.Bxd7+ Qxd7 5.O-O Nc6 6.c3 Nf6 7.d4 Nxe4 8.d5 Ne5
9.Nxe5 dxe5 10.Re1 Nf6 11.Rxe5 e6 12.c4 Bd6 13.Re1 O-O-O  1/2-1/2

[Event "Yerevan"]
[Site "Yerevan"]
[Date "1976.??.??"]
[Round "?"]
[White "Romanishin, Oleg M"]
[Black "Tukmakov, Vladimir B"]
[Result "1-0"]
[WhiteElo "2560"]
[BlackElo "2490"]

1.e4 c5 2.Nf3 d6 3.Bb5+ Bd7 4.c4 Nc6 5.Nc3 Nf6 6.O-O g6 7.d3 Bg7 8.Bg5 h6
9.Be3 O-O 10.h3 e5 11.Nh2 Nh5 12.Nd5 Be6 13.Qd2 Kh7 14.g4 Nf4 15.Bxf4 exf4
16.Bxc6 bxc6 17.Nxf4 Rb8 18.Rab1 Qg5 19.Nf3 Qf6 20.Kg2 Rxb2 21.Rxb2 Qxb2
22.Qxb2 Bxb2 23.Rb1 Rb8 24.Nxe6 fxe6 25.Ne1 Rb6 26.f4 Kg7 27.Nc2 Kf6 28.h4 e5
29.g5+ Ke6 30.f5+ gxf5 31.gxh6 Kf7 32.exf5 Kg8 33.Kf3 Kh7 34.Ke4 Kxh6 35.Rg1 Bc3
36.f6 d5+ 37.Kf5  1-0

[Event "URS-FL"]
[Site "Baku"]
[Date "1977.??.??"]
[Round "5"]
[White "Timoshchenko, Gennadi A"]
[Black "Grigorian, Karen Ashotovich"]
[Result "0-1"]
[WhiteElo "2505"]
[BlackElo "2465"]

1.e4 c5 2.Nf3 d6 3.Bb5+ Nd7 4.c3 Nf6 5.Qe2 a6 6.Ba4 b5 7.Bc2 e5 8.O-O Be7
9.a4 Bb7 10.d4 cxd4 11.cxd4 O-O 12.d5 b4 13.Nbd2 Nc5 14.Nc4 a5 15.Be3 Nfd7
16.Nfd2 Ba6 17.b3 Rc8 18.Rfc1 f5 19.exf5 Nf6 20.Bxc5 Rxc5 21.Ne4 Rxd5 22.Ng5 Bc8
23.Rd1 Rxd1+ 24.Rxd1 Qc7 25.Ne6 Bxe6 26.fxe6 Re8 27.Be4 Qc5 28.Qd3 Rf8 29.Ne3 Qc8
30.Nd5 Qxe6 31.Nxf6+ Qxf6 32.f3 Qh6 33.Bd5+ Kh8 34.Bc4 Qg5 35.Qe4 g6 36.Rd5 Qc1+
37.Kf2 Qh1 38.Rxa5 Qxh2 39.Qg4 Bh4+ 40.Ke2 Qh1 41.Ra7 Qe1+  0-1

[Event "URS-FL"]
[Site "Baku"]
[Date "1977.??.??"]
[Round "15"]
[White "Kuzmin, Gennadi P"]
[Black "Gutman, Lev"]
[Result "1-0"]
[WhiteElo "2550"]
[BlackElo "2395"]

1.e4 c5 2.Nf3 d6 3.Bb5+ Bd7 4.a4 Nf6 5.Qe2 e6 6.O-O Be7 7.c3 O-O 8.d4 cxd4
9.cxd4 Nc6 10.Nc3 Nb4 11.Rd1 Rc8 12.Bxd7 Qxd7 13.Qb5 d5 14.e5 a6 15.Qe2 Ne4
16.Nxe4 dxe4 17.Qxe4 Nc2 18.Rb1 Qxa4 19.Qxb7 Na3 20.b3 Qb5 21.Qxb5 Nxb5 22.Ra1 Rc6
23.Bd2 Ba3 24.Ra2 Rfc8 25.Rda1 Bc1 26.Bb4 g5 27.Bc5 Bf4 28.b4 g4 29.Ne1 Nc7
30.Nd3 Bg5 31.f4 gxf3 32.gxf3 Be3+ 33.Kh1 h5 34.Re1 Bxd4 35.Rg2+ Kh7 36.Bxd4 Rd8
37.Re4  1-0